000 01204cam a2200337 i 4500
001 17877713
003 OSt
005 20230602104900.0
008 130906s2012 ke b 000 0 eng
010 _a 2013441158
040 _aDLC
_beng
_erda
_cDLC
_dDLC
042 _alcode
_apcc
043 _af-ke---
082 _a342.6762
_bMWA
245 0 2 _aA history of constitution making in Kenya /
_cchief publisher/editor Stephen Ndegwa Mwangi.
264 1 _aNairobi :
_bMedia Development Association & Konrad Adenauer Stiftung,
_c2012.
300 _av, 134 pages ;
_c20 cm
336 _atext
_btxt
_2rdacontent
337 _aunmediated
_bn
_2rdamedia
338 _avolume
_bnc
_2rdacarrier
500 _aCover title.
504 _aIncludes bibliographical references.
650 0 _aConstitutional history
_zKenya.
700 1 _aMwangi, Stephen Ndegwa,
_eeditor of compilation.
710 2 _aMedia Development Association (Kenya)
710 2 _aKonrad-Adenauer-Stiftung (Kenya)
856 4 1 _3Table of contents only
_uhttp://www.loc.gov/catdir/toc/fy15pdf01/2013441158.html
906 _a7
_bcbc
_corigode
_d2
_encip
_f20
_gy-gencatlg
942 _2ddc
_cBK
999 _c69
_d69